Screening of wild germplasm of rubber (Hevea brasiliensis) for drought tolerance based on chlorophyll and wax content, chlorophyll degradation and membrane stability (Record no. 68474)

MARC details
000 -LEADER
fixed length control field 00575nam a2200145Ia 4500
100 ## - MAIN ENTRY--AUTHOR NAME
Personal name Mercy M A
245 #0 - TITLE STATEMENT
Title Screening of wild germplasm of rubber (Hevea brasiliensis) for drought tolerance based on chlorophyll and wax content, chlorophyll degradation and membrane stability
260 ## - PUBLICATION, DISTRIBUTION, ETC. (IMPRINT)
Name of publisher Preprints of papers: International Natural Rubber Conference, 6-8 November 2005, Cochin, India, p.135-144.
650 ## - SUBJECT ADDED ENTRY--TOPICAL TERM
Topical Term Drought tolerance
650 ## - SUBJECT ADDED ENTRY--TOPICAL TERM
Topical Term Wild germplasm
700 ## - ADDED ENTRY--PERSONAL NAME
Personal name Jose G
700 ## - ADDED ENTRY--PERSONAL NAME
Personal name Varghese Y A
942 ## - ADDED ENTRY ELEMENTS (KOHA)
Koha item type Journals
Holdings
Withdrawn status Lost status Damaged status Not for loan Home library Current library Shelving location Date acquired Koha item type
      Journals RRII Library RRII Library Germaplsm 17/12/2021 Journals